Institutional Competition versus Ex-Ante Harmonization <The> Case of Environmental Policy

Salvato in:
Dettagli Bibliografici
Autore principale: Long, Ngo Van
Altri autori: Siebert, Horst
Natura: Libro
Lingua:inglese
Pubblicazione: Kiel Institut für Weltwirtschaft 1989
Edizione:1. ed.
Serie:Working Paper No.396
Tags: Aggiungi Tag
Nessun Tag, puoi essere il primo ad aggiungerne!!

MARC

LEADER 00000nam a2200000 4500
001 c027851
005 20221215113942.1
041 0 |a eng 
044 |a DE 
245 1 0 |a Institutional Competition versus Ex-Ante Harmonization  |b <The> Case of Environmental Policy  |c Ngo Van Long, Horst Siebert 
250 |a 1. ed. 
264 1 |a Kiel  |b Institut für Weltwirtschaft  |c 1989 
300 |a 17 s. 
490 1 |a Working Paper  |v No.396 
830 0 |a Working Paper  |v No.396 
100 1 |a Long, Ngo Van 
700 1 |a Siebert, Horst